000 01809cam a22002295a 4500
001 L145986
008 081128e20080602xxk f v 000 0 eng d
035 _a(Sirsi) u145986
041 0 _aeng
245 0 0 _aGovernors of the Peabody Trust v Reeve
_h[electronic resource]
260 _c2008
520 _a[2008] EWHC 1432 (Ch), 2 June 2008. A social landlord was not entitled to unilaterally vary the terms of its tenancy agreements under a clause that claimed to incorporate the mechanism under the Housing Act 1985 S103, that contradicted a preceding clause that provided for variation through agreement with the tenant. The court was asked to determine whether social landlord (P) could make use of a clause in its tenancy agreements to vary agreements unilaterally under the Housing Act 1985 S103 and if the clause could be considered as not-binding under the Unfair Terms in Consumer Contracts Regulations 1999. Held: judgement for defendant. While unilateral changes would have benefited P and prevented its stock from becoming unmanageable, it was a risk that the legislature allowed to exist, with the assumption that social landlords would be able to cope. In addition to this, it was held that the existing tenancy agreements made sufficient provision for future events and that P had no reason to require such a sweeping clause in relation to all of its agreements.
521 _aAdvanced
590 _aKA
650 2 4 _aGOVERNORS OF THE PEABODY TRUST V REEVE
650 2 4 _aHOUSING ACT 1985
650 2 4 _aUNFAIR TERMS IN CONSUMER CONTRACTS REGULATIONS 1999
651 4 _aEngland and Wales
_y1543-
690 _aPROPERTY-LANDLORD AND TENANT-LEASES
856 4 0 _uhttps://www.bailii.org/ew/cases/EWHC/Ch/2008/1432.html
_zView the item free of charge online at www.bailii.org...
942 _n0
999 _c109003
_d109003